| 000 | 00416cam a22001217a 4500 | ||
|---|---|---|---|
| 008 | 180718b1982 xxu||||| |||| 00| 0 eng d | ||
| 082 | _aA81x54 In2/81/1/Pap4/1982 | ||
| 100 | _aCensus of India 1981 | ||
| 245 | _aIndia: report on post enumeration check | ||
| 260 |
_aDelhi _bRegistrar General & Census Commissioner for India _c1982 |
||
| 300 | _a65+p. | ||
| 440 | _aCensus of India 1981. Series-1, India. Paper-4 of 1982 | ||
| 999 |
_c481880 _d481880 |
||